000
00335nam a2200133Ia 4500
008
240624s9999 xx 000 0 und d
041
_a
eng
082
_a
303.2 ROW
100
_a
ROWSON PAULINE
245
_a
COMMUNICATING CONFIDENTLY
260
_c
2005
_a
New Delhi
_b
Infinity Books
300
_a
xii, : 156 : p, : 22 : cm.
365
_c
RS
999
_c
3577
_d
3577